Understanding mathematics and early mathematics education at primary level/ (Record no. 165707)

MARC details
000 -LEADER
fixed length control field 00979nam a22002657a 4500
005 - DATE AND TIME OF LATEST TRANSACTION
control field 20231219115802.0
010 ## - LCCN (DPL NO)
LC control number ENG-125797 ENG-138605
020 ## - INTERNATIONAL STANDARD BOOK NUMBER
International Standard Book Number 9789386725912
Terms of availability 250.00
020 ## - INTERNATIONAL STANDARD BOOK NUMBER
International Standard Book Number 9789389740264
Terms of availability 1195.00
035 ## - SYSTEM CONTROL NUMBER
System control number EN-109329
035 ## - SYSTEM CONTROL NUMBER
System control number EN-122137
037 ## - SOURCE OF ACQUISITION
Source of stock number/acquisition DBAD/PUB
082 ## - DEWEY DECIMAL CLASSIFICATION NUMBER
Classification number 510.71
100 ## - MAIN ENTRY--PERSONAL NAME
Personal name Ramaiah, K.
245 ## - TITLE STATEMENT
Title Understanding mathematics and early mathematics education at primary level/
Statement of responsibility, etc By K. Ramaiah...[et.al]
260 ## - PUBLICATION, DISTRIBUTION, ETC. (IMPRINT)
Place of publication, distribution, etc Hyderabad
Name of publisher, distributor, etc Neelkamal Publications
Date of publication, distribution, etc 2018
270 ## - ADDRESS
Address 4764/1, 23 Ansari Road
City Daryaganj, New Delhi
Postal code 110002
Telephone number 011-23244237, 9811828953
Electronic mail address neelkamalbooks@gmail.com
300 ## - PHYSICAL DESCRIPTION
Extent xii,284p.
Dimensions 24cm(pbk)
300 ## - PHYSICAL DESCRIPTION
Extent xii,289p.
Dimensions 24cm(hbk)
500 ## - GENERAL NOTE
General note Includes bibliographical references
700 ## - ADDED ENTRY--PERSONAL NAME
Personal name Sreedharacharyulu, K.
Relator term Author
9 (RLIN) 59932
700 ## - ADDED ENTRY--PERSONAL NAME
Personal name Priyadarsini, J.R.
Relator term Editor
9 (RLIN) 59933
700 ## - ADDED ENTRY--PERSONAL NAME
Personal name Dharmendra Singh, Sardar
Relator term Author
9 (RLIN) 59934
942 ## - ADDED ENTRY ELEMENTS (KOHA)
Source of classification or shelving scheme Dewey Decimal Classification
Item type English Books
Classification part 510.71
Call number suffix RAM
Edition 1
Holdings
Withdrawn status Lost status Not for loan Collection code Home library Current library Date acquired Source of acquisition Cost, normal purchase price Full call number Barcode Copy number Cost, replacement price Koha item type
      Non-fiction Bawana Bawana 27/06/2019 DBAD/PUB 250.00 510.71 RAM EN-109329 1 250.00 English Books
      Non-fiction Central Library Central Library 19/12/2023 DBAD 1195.00 510.71 RAM EN-122137 1 1195.00 English Books

© Delhi Public Library
Hit Counter
free hit counter